• 首页
  • 本馆介绍
  • 公告通知
  • 最新文献
  • 馆藏检索
  • 电子资源
  • 读者导购
  • 参考咨询
  • 我的图书馆
  • 登录
  • 详细信息显示
  • 放入我的书架
  • 预约/预借图书
  • 作者相关作品
  • 分类相关作品
  • 丛书相关作品
  • 出版社相关作品

书目信息

  • 表格格式
  • 工作单格式
  • 卡片格式
题名:
电工学
    
 
作者: 罗守信 主编
分册: 上册  
出版信息: 北京   高等教育出版社  1985
页数: 392页
开本: 19cm
丛书名:
单 册:
中图分类: TM1
科图分类:
主题词: 电工--理论
电子资源:
ISBN:
000 00630nam0 2200241 45
001 0179005650
005 20060419143546.62
010    @dCNY2.60
091    @a15010.0611
100    @a19950731d1985 em y0chiy0121 ea
101 0  @achi
102    @aCN@b110000
105    @ay z 000yy
200 10 @a电工学@Adian gong xue@h上册@f罗守信主编@Fluo shou xin zhu bian
205    @a2版
210    @a北京@c高等教育出版社@d1985
215    @a392页@d19cm
300    @a高等学校教材
606 0  @a电工@x理论
690    @aTM1@v3
701  0 @a罗守信@Aluo shou xin@4主编
801  0 @aCN@bNLC@c20060419
905    @dTM1@e102:1=2@f2@b134044-045
    
    电工学.上册/罗守信主编.-2版.-北京:高等教育出版社,1985
    392页;19cm
    高等学校教材
    
    ISBN :CNY2.60
    
●
相关链接 在E读中查询图书 在五车中查询图书 在当当中查询图书 在豆瓣中查询图书


正题名:电工学     索取号:TM1/102:1=2         预约/预借

序号 登录号 条形码 馆藏地/架位号 状态 备注
1 0134042   202267046   密集书库/ [索取号:TM1/102:1=2] 在馆    
2 0134043   202267019   密集书库/ [索取号:TM1/102:1=2] 在馆    
3 0134044   000800182   第三借阅区/ [索取号:TM1/102:1=2] 在馆    
4 0134045   001343139   密集书库/ [索取号:TM1/102:1=2] 在馆    
5 0134046   000800217   第二样本阅览室/ [索取号:TM1/102:1=2] 在馆    
唐山师范学院图书馆 欢迎您!
大连网信软件有限公司© 版权所有